000 01033cad a22002415a 4500
001 L151947
008 110113s2011 xxk f 000 0 eng d
035 _a(Sirsi) u151947
041 0 _aeng
050 0 4 _a333.33026 $2 18
110 2 _aUnited Kingdom
_bDepartment for Business, Innovation and Skills
_95760
245 0 0 _aConsultation on the repeal of the Property Misdescriptions Act 1991
_h[electronic resource]
260 _aLondon
_vBIS
_c2011
520 _aConsultation on the proposed repeal of Property Misdescriptions Act 1991.
520 _aConsultation closes on 5 April 2011.
590 _aKA NTK
650 2 4 _aPROPERTY MISDESCRIPTIONS ACT 1991
650 2 4 _aCONSUMER PROTECTION FROM UNFAIR TRADING REGULATION 2008
651 4 _aUnited Kingdom
_y
690 _aMANAGEMENT-BUSINESS MANAGEMENT-PROFESSIONAL PRACTICE
856 4 0 _uhttps://www.bis.gov.uk/assets/biscore/consumer-issues/docs/c/11-505-consultation-repeal-property-misdescriptions-act.pdf
_zView the item free of charge at www.bis.gov.uk
942 _n0
999 _c111752
_d111752